000
00281nam a2200121Ia 4500
008
180207s9999 xx 000 0 und d
050
_b
P739 [1999]
245
_a
Pocahontas /
260
_b
Mouse Works,
300
_a
unpaged :
300
_b
color illustration ;
300
_c
24cm.
999
_c
355423
_d
355423